| 000 | 00576nam a22001937a 4500 | ||
|---|---|---|---|
| 003 | OSt | ||
| 005 | 20260219051010.0 | ||
| 008 | 260219b |||||||| |||| 00| 0 eng d | ||
| 020 | _a978-971-513-264-0 | ||
| 040 |
_aDWCL-Main Lib _cOC |
||
| 082 |
_21st ed. _aFil. 302 Ap654 2009 |
||
| 100 | _aApruebo, Roxel A. | ||
| 245 | _aIntroductory social psychology | ||
| 260 |
_aManila : _bEducational Publishing House, _cc2009. |
||
| 300 |
_axi, 350 p. _c24 cm. |
||
| 504 | _a1. Includes glossary and index. | ||
| 650 | _aSocial psychology. | ||
| 942 |
_2ddc _cBK-FIL _e1st ed. _mFil. _n0 |
||
| 999 |
_c8448 _d8448 |
||